000 00840nam a2200301Ia 4500
001 71519
003 IT-RoPAU
008 130308s9999 xx 000 0 und d
040 _aIT-RoPAU
040 _cIT-RoPAU
041 _aINGLESE
100 _aHodges Louis W.
100 _gCodice Aut. SPICS: 24740
245 _aDefining Press Responsibility-A Functional Approach
245 _bResponsible Journalism
250 _a1a ed.
260 _aLONDON
260 _bSage Publications B.H.
260 _c1986 [1° Ed.:1986 - Ed.Ling.Originale:1986]
300 _a"19 p. (prefazione: no ; testo: 19 [pagine: 13-31])"
500 _aResponsabilità della Stampa ruolo Politico Educativo
650 _aSAGGI DI GIORNALISMO
650 _eCodice materia Spics: 7061
942 _cBK
957 _71
999 _c60876
_d60876
999 _bSI
999 _g1